Tomma Abts / (Record no. 353000)

000 -LEADER
fixed length control field 01224 a2200313 4500
003 - CONTROL NUMBER IDENTIFIER
control field OSt
005 - DATE AND TIME OF LATEST TRANSACTION
control field 20180116192353.0
008 - FIXED-LENGTH DATA ELEMENTS--GENERAL INFORMATION
fixed length control field 120601t xxu||||| |||| 00| 0 eng d
010 ## - LIBRARY OF CONGRESS CONTROL NUMBER
LC control number 2010502903
020 ## - INTERNATIONAL STANDARD BOOK NUMBER
International Standard Book Number 9780714848822
020 ## - INTERNATIONAL STANDARD BOOK NUMBER
International Standard Book Number 0714848824
035 ## - SYSTEM CONTROL NUMBER
System control number (OCoLC)ocn209331299
040 ## - CATALOGING SOURCE
Transcribing agency 0
082 04 - DEWEY DECIMAL CLASSIFICATION NUMBER
Classification number 759.2
100 1# - MAIN ENTRY--PERSONAL NAME
Personal name Abts, Tomma,
9 (RLIN) 3663
245 10 - TITLE STATEMENT
Title Tomma Abts /
Statement of responsibility, etc. foreword by Lisa Phillips ; essays by Laura Hoptman, Jan Verwoert, and Bruce Hainley.
260 ## - PUBLICATION, DISTRIBUTION, ETC.
Place of publication, distribution, etc. New York :
Name of publisher, distributor, etc. New Museum ;
Place of publication, distribution, etc. London :
Name of publisher, distributor, etc. Phaidon,
Date of publication, distribution, etc. c2008.
300 ## - PHYSICAL DESCRIPTION
Extent 135 p. :
Other physical details col. ill. ;
Dimensions 27 cm.
500 ## - GENERAL NOTE
General note Published on the occasion of an exhibition at the New Museum in New York, April 9 - June 29, 2008 and the Hammer Museum in Los Angeles, July 27 - November 2, 2008.
600 10 - SUBJECT ADDED ENTRY--PERSONAL NAME
Personal name Abts, Tomma,
Dates associated with a name 1967-
9 (RLIN) 3664
650 10 - SUBJECT ADDED ENTRY--TOPICAL TERM
Topical term or geographic name entry element Art, Abstract
9 (RLIN) 3665
700 1# - ADDED ENTRY--PERSONAL NAME
Personal name Hoptman, Laura J.,
Dates associated with a name 1962-
9 (RLIN) 3666
700 1# - ADDED ENTRY--PERSONAL NAME
Personal name Verwoert, Jan.
9 (RLIN) 3667
700 1# - ADDED ENTRY--PERSONAL NAME
Personal name Hainley, Bruce.
9 (RLIN) 3668
710 2# - ADDED ENTRY--CORPORATE NAME
Corporate name or jurisdiction name as entry element New Museum of Contemporary Art (New York, N.Y.)
9 (RLIN) 3669
710 2# - ADDED ENTRY--CORPORATE NAME
Corporate name or jurisdiction name as entry element Armand Hammer Museum of Art and Cultural Center.
9 (RLIN) 3670
942 ## - ADDED ENTRY ELEMENTS (KOHA)
Institution code [OBSOLETE] SADA
Koha item type Book
Call number prefix 759.2 ABT 2008
Source of classification or shelving scheme
Holdings
Withdrawn status Lost status Source of classification or shelving scheme Damaged status Not for loan Permanent Location Current Location Date acquired Total Checkouts Full call number Barcode Date last seen Cost, replacement price Price effective from Koha item type
          School of Art Design and Architecture (SADA) School of Art Design and Architecture (SADA) 05/20/2011   759.2 ABT 2008 SADA0001056 08/05/2011 2180.00 08/05/2011 Book
© 2023 Central Library, National University of Sciences and Technology. All Rights Reserved.